Sports Quiz

Random Sports Quiz

Georgia Bulldogs Coaches by Win Percentage Quiz Stats

Quiz not verified by Sporcle

Also try: NBA 50 Greatest
Challenge
Share
Tweet
Embed
Score 0/10 Timer 05:00
0 Plays Today
Years Coached Coach Name % Correct
2001-PresentMark Richt
100%
1964-1988Vince Dooley
87.9%
1996-2000Jim Donnan
64.6%
1989-1995Ray Goff
64.6%
1939-1960Wally Butts
55.6%
1928-1937Harry Mehre
25.3%
1961-1963Johnny Griffith
17.2%
1920-1922Herman Stegeman
15.2%
1910-1919W.A. Cunningham
10.1%
1923-1927George 'Kid' Woodruff
10.1%

You're not logged in!

Compare scores with friends on all Sporcle quizzes.
Sign Up with Email
OR
Log In

You Might Also Like...

Show Comments

Extras

Top Quizzes Today


Score Distribution

Your Account Isn't Verified!

In order to create a playlist on Sporcle, you need to verify the email address you used during registration. Go to your Sporcle Settings to finish the process.